000 00864nam a2200205Ia 4500
003 OSt
005 20250714125313.0
008 210210b2003 xxu||||| |||| 00| 0 eng d
040 _cAL
041 _aKannada
082 _aK894.8 SAMA
100 _aSAMAGRA DASA SAHITYA.
_9151172
_dಸಮಗ್ರ ದಾಸ ಸಾಹಿತ್ಯ
245 _aSamagra dasa sahitya: samputa; 27, Vijaya Ramachandravithala mattu ithara haridasara kirtanegalu.
_bಸಮಗ್ರ ದಾಸ ಸಾಹಿತ್ಯ : ಸಂಪುಟ ೨೭, ವಿಜಯ ರಾಮಚಂದ್ರವಿಠಲ ಮತ್ತು ಇತರ ಹರಿದಾಸರ ಕೀರ್ತನೆಗಳು
260 _aBengaluru
_bKannada mattu Samskrati Nirdeshanalalya
_c2003
300 _a82,484
650 _aDasasahitya
_9151173
690 _aKannada Miscellaneous
_9151174
906 _a059402
942 _2ddc
_cBK
999 _c106533
_d106533